| 000 | 00785cam a22002535a 4500 | ||
|---|---|---|---|
| 001 | 17249706 | ||
| 005 | 20171019151524.0 | ||
| 008 | 120410t2012 paua frb 001 0 eng d | ||
| 020 | _a9781451173307 (alk. paper) | ||
| 020 | _a145117330X | ||
| 040 |
_aDLC _cDLC _dDLC _dEG-ScBUE _beng |
||
| 082 | 0 | 4 |
_222 _a615.9 _bLIP |
| 245 | 0 | 0 | _aLippincott's manual of toxicology. |
| 246 | 3 | 0 | _aManual of toxicology |
| 260 |
_aPhiladelphia : _bWolters Kluwer / Lippincott Williams & Wilkins Health, _cc.2012. |
||
| 300 |
_axiii, 458 p. : _bill. ; _c21 cm. |
||
| 504 | _aIncludes bibliographical references and index. | ||
| 650 | 7 |
_aToxicology. _2BUEsh _940066 |
|
| 650 | 7 |
_aPoisons. _2BUEsh |
|
| 651 | _2BUEsh | ||
| 653 |
_bPPhrm _cOctober2017 |
||
| 655 |
_vReading book _934232 |
||
| 942 | _2ddc | ||
| 999 |
_c25496 _d25468 |
||